000 00466nam a2200157Ia 4500
999 _c20788
_d20788
003 OSt
005 20231211115754.0
008 190216s9999||||xx |||||||||||||| ||und||
040 _coclc
082 _a954.83
_bMEN/K
100 1 _aSreedhara Menon, A.
_910096
245 0 _aKerala Rastreeyacharithram 1885-1957 /
_c A Sreedhara Menon
260 _bAnanda Book Depot,
_c1996.
300 _a116p
942 _cBK
_2ddc
_h954.83
_iMEN/K
_k954.83
_mMEN/K